Minimalizácia rizika v podnikaní Aké činnosti otvárajú cestu k úspešnej práci

Novodobé riešenia pri minimalizácii rizika v podnikaní, aktívny prístup, preventívne a systémové riešenia. Náčrt najvýznamnejších možností zmenšovania rizika, základné manažérske nástroje (tvorba výrobnej stratégie firmy, diverzifikácia výrobného programu). Marketingové aktivity: prieskum trhov, úči...

Full description

Saved in:
Bibliographic Details
Main Author: Leščišin, Michal
Format: Book Chapter
Language:Slovak
Subjects:
Tags: Add Tag
No Tags, Be the first to tag this record!

MARC

LEADER 00000naa a2200000 4500
001 r023920
005 20221213113431.8
041 0 |a slo 
044 |a SK 
245 1 0 |a Minimalizácia rizika v podnikaní  |b Aké činnosti otvárajú cestu k úspešnej práci  |c Michal Leščišin 
520 |a Novodobé riešenia pri minimalizácii rizika v podnikaní, aktívny prístup, preventívne a systémové riešenia. Náčrt najvýznamnejších možností zmenšovania rizika, základné manažérske nástroje (tvorba výrobnej stratégie firmy, diverzifikácia výrobného programu). Marketingové aktivity: prieskum trhov, účinná reklama a propagácia. Vedecko-technické poznatky, zvyšovanie kvality produkcie, využitie tvorivosti a variantnosti, podnikateľské centrá. 
610 2 0 |a riziko 
610 2 0 |a podnikanie 
610 2 0 |a diverzifikácia 
610 2 0 |a manažment 
610 2 0 |a marketing 
610 2 0 |a práca tvorivá 
100 1 |a Leščišin, Michal